[Event "65. BEM 2011"]
[Site "Dortmund"]
[Date "2011.02.15"]
[Round "5.19"]
[White "Völler, Lothar"]
[Black "Müller, Carsten"]
[Result "1/2-1/2"]
[WhiteElo "1492"]
[BlackElo "1299"]
[PlyCount "114"]
[EventDate "2011.??.??"]
[Source "SG Dortmund"]
[SourceDate "2004.12.16"]

1. e4 e5 2. Nf3 Nc6 3. Bc4 Nf6 4. d4 exd4 5. e5 Ng4 6. Bxf7+ Ke7 7. Bg5+ Nf6 8.
exf6+ gxf6 9. Bxf6+ Kxf6 10. Bc4 Qe7+ 11. Be2 Bg7 12. O-O Re8 13. Bc4 Qb4 14.
Nbd2 d6 15. Bb3 Bh6 16. a3 Qa5 17. Nc4 Qh5 18. Nxd4 Qxd1 19. Raxd1 Nxd4 20.
Rxd4 Re2 21. Ne3 Be6 22. Bxe6 Kxe6 23. Rh4 Bxe3 24. fxe3 Rh8 25. Rc4 c5 26. Rf3
Kd5 27. b3 Rg8 28. g3 b5 29. Rh4 Rg7 30. c4+ bxc4 31. bxc4+ Kc6 32. Rh6 Rb7 33.
Rff6 Rb1+ 34. Rf1 Rxf1+ 35. Kxf1 Rxe3 36. Rxh7 Rxa3 37. g4 a5 38. g5 Rf3+ 39.
Ke2 Rf4 40. Kd3 a4 41. h4 a3 42. Kc2 Rxc4+ 43. Kb3 Ra4 44. Ka2 Rg4 45. Rh6 Kd5
46. g6 Ke5 47. h5 c4 48. Kxa3 d5 49. Rh7 Kf6 50. Rf7+ Ke6 51. Rf8 Rg5 52. Rh8
Kf6 53. Rh7 d4 54. Rf7+ Ke6 55. Rf4 Rxh5 56. Rg4 Rh8 57. Rxd4 Rg8 1/2-1/2

[Event "65. BEM 2011"]
[Site "Dortmund"]
[Date "2011.02.15"]
[Round "5.20"]
[White "Dirks, Rainer"]
[Black "Rabe, Mark"]
[Result "1/2-1/2"]
[WhiteElo "1258"]
[BlackElo "998"]
[PlyCount "27"]
[EventDate "2011.??.??"]
[Source "SG Dortmund"]
[SourceDate "2004.12.16"]

1. c4 Nc6 2. Nc3 e6 3. Nf3 b6 4. e4 Bb7 5. d4 Be7 6. Ne5 Nxe5 7. dxe5 Bg5 8.
Qg4 Bxc1 9. Qxg7 Bxb2 10. Nd1 Bxa1 11. Qxh8 Bxe4 (11... Qg5 $1 $19) 12. Qxg8+
Ke7 13. Qg5+ Ke8 14. Qg8+ 1/2-1/2

[Event "65. BEM 2011"]
[Site "Dortmund"]
[Date "2011.02.15"]
[Round "5.21"]
[White "Riepe, Markus"]
[Black "Skoecz, Horst"]
[Result "0-1"]
[WhiteElo "839"]
[BlackElo "1250"]
[PlyCount "76"]
[EventDate "2011.??.??"]
[Source "SG Dortmund"]
[SourceDate "2004.12.16"]

1. e4 e6 2. d4 Qh4 3. Bd3 Nc6 4. Nf3 Qd8 5. Bg5 Be7 6. Qd2 Bxg5 7. Nxg5 Nxd4 8.
c3 Nc6 9. O-O Ne5 10. Be2 h6 11. Nf3 d6 12. Rd1 Nxf3+ 13. Bxf3 e5 14. a4 Nf6
15. b4 Bg4 16. Qd3 Qd7 17. Nd2 Rd8 18. c4 Qe7 19. a5 c6 20. b5 cxb5 21. cxb5
O-O 22. Rac1 d5 23. Qc2 Bxf3 24. gxf3 Nh5 25. Nf1 Nf4 26. Ne3 d4 27. Kf1 Qh4
28. Ng4 Qh3+ 29. Ke1 Qxf3 30. Nxe5 Qh1+ 31. Kd2 Qxh2 32. Ng4 Qh4 33. Rg1 Qg5
34. Nf6+ Qxf6 35. Rg3 d3 36. Qc5 Qb2+ 37. Ke3 Ne6 38. Qc4 Qe2# 0-1

[Event "65. BEM 2011"]
[Site "Dortmund"]
[Date "2011.02.15"]
[Round "5.22"]
[White "Wilkins, Petra"]
[Black "Krüger, Inge"]
[Result "0-1"]
[WhiteElo "778"]
[BlackElo "1246"]
[PlyCount "118"]
[EventDate "2011.??.??"]
[Source "SG Dortmund"]
[SourceDate "2004.12.16"]

1. d4 d5 2. e3 Nf6 3. c4 e6 4. c5 Be7 5. Nc3 c6 6. Nf3 O-O 7. Bd3 Nbd7 8. Bc2
b6 9. b4 bxc5 10. bxc5 a5 11. Rb1 Ba6 12. Ne2 Qc7 13. O-O e5 14. Re1 e4 15. Nh4
Ng4 16. Ng3 Ndf6 17. h3 Nh6 18. Rb6 Nd7 19. Rb2 Bxh4 20. Nh5 f5 21. Nf4 Rf6 22.
g3 Bg5 23. Nh5 Rg6 24. Kh2 Nf6 25. Nxf6+ Bxf6 26. Rg1 Bc8 27. Ba4 Bd7 28. Bd2
f4 29. Be1 fxe3 30. fxe3 Nf5 31. Bf2 Bh4 32. Qe1 Rb8 33. Bb3 a4 34. Bxd5+ cxd5
35. Rc2 Bc6 36. Rg2 Rf8 37. Qg1 Nxe3 38. Bxe3 Rf3 39. Bf2 Bg5 40. Re2 Qe7 41.
Qb1 h5 42. Qb8+ Kh7 43. Be1 Be3 44. Rb2 Bxd4 45. Rb4 Bxc5 46. Rb5 Bxb5 47. Qxb5
a3 48. Rc2 Bd6 49. Rg2 Qe5 50. Kh1 Rfxg3 51. Bxg3 Rxg3 52. Qe2 Rxh3+ 53. Kg1
Qd4+ 54. Qf2 Qd1+ 55. Qf1 Bc5+ 56. Rf2 Rg3+ 57. Kh2 Qxf1 58. Rxf1 Bd6 59. Rd1
Rd3+ 0-1

[Event "65. BEM 2011"]
[Site "Dortmund"]
[Date "2011.02.15"]
[Round "5.23"]
[White "Reker, Gerhard"]
[Black "Da Costa-Hoppe, Andreas"]
[Result "0-1"]
[WhiteElo "724"]
[BlackElo "1040"]
[PlyCount "56"]
[EventDate "2011.??.??"]
[Source "SG Dortmund"]
[SourceDate "2004.12.16"]

1. e4 e5 2. d4 exd4 3. Qxd4 Nc6 4. Qd5 h6 5. Bc4 Qe7 6. Nf3 Nf6 7. Qf5 d6 8.
Qf4 g5 9. Qe3 Nxe4 10. O-O f5 11. Nc3 Be6 12. Bxe6 Qxe6 13. Re1 d5 14. Nd4 Nxd4
15. Qxd4 Rg8 16. Nb5 Bd6 17. Qa4 c6 18. Nxa7 Qe5 19. g3 f4 20. f3 Bc5+ 21. Kg2
Bxa7 22. fxe4 Kf7 23. Bd2 Be3 24. Bc3 d4 25. Qc4+ Kf6 26. Bb4 g4 27. c3 Qxe4+
28. Kf1 Qf3# 0-1

[Event "65. BEM 2011"]
[Site "Dortmund"]
[Date "2011.02.15"]
[Round "5.24"]
[White "Wangrin, Stefan A"]
[Black "Da Costa, Pablo"]
[Result "1-0"]
[WhiteElo "1157"]
[BlackElo "1083"]
[PlyCount "111"]
[EventDate "2011.??.??"]
[Source "SG Dortmund"]
[SourceDate "2004.12.16"]

1. e4 e5 2. Nf3 Nf6 3. Nc3 Nc6 4. d4 d6 5. Bc4 g6 6. dxe5 dxe5 7. Qxd8+ Kxd8 8.
Bxf7 Ke7 9. Bb3 b6 10. O-O Bb7 11. Bg5 Bg7 12. Bd5 Rab8 13. Rad1 Rhd8 14. Bxc6
Bxc6 15. Nxe5 Bb7 16. Nb5 Ba6 17. Nc6+ Ke8 18. Nxc7+ Kf7 19. Nxd8+ Rxd8 20.
Nxa6 Rxd1 21. Rxd1 Nxe4 22. Rd7+ Kf8 23. c3 Nxg5 24. Rxa7 Bf6 25. Nb8 Ke8 26.
Nd7 h5 27. Nxf6+ Kf8 28. Nh7+ Nxh7 29. Rxh7 Kg8 30. Rb7 Kf8 31. Rxb6 Kg7 32. c4
Kh6 33. h4 Kg7 34. a4 Kf7 35. b4 Kg7 36. a5 Kf7 37. b5 Kg7 38. c5 Kf7 39. a6
Kg7 40. Rd6 g5 41. hxg5 h4 42. Kh2 h3 43. g4 Kf7 44. b6 Ke7 45. a7 Kf7 46. b7
Ke7 47. f4 Kf7 48. f5 Kg7 49. c6 Kh7 50. c7 Kh8 51. Rd8+ Kh7 52. c8=Q Kg7 53.
b8=Q Kf7 54. a8=Q Kg7 55. Qf3 Kh7 56. f6 1-0

[Event "65. BEM 2011"]
[Site "Dortmund"]
[Date "2011.02.17"]
[Round "6.1"]
[White "Kohlweyer, Bernd"]
[Black "Brockmann, Michael"]
[Result "1-0"]
[WhiteElo "2459"]
[BlackElo "2062"]
[PlyCount "91"]
[EventDate "2011.??.??"]
[Source "SG Dortmund"]
[SourceDate "2004.12.16"]

1. d4 d5 2. c4 e6 3. Nc3 Be7 4. cxd5 exd5 5. Bf4 c6 6. Qc2 Nf6 7. e3 O-O 8. Bd3
Nbd7 9. Nf3 Re8 10. h3 Nf8 11. O-O Ng6 12. Bh2 Bd6 13. Bxd6 Qxd6 14. Rfe1 Bd7
15. Rab1 a5 16. a3 Qe7 17. b4 axb4 18. axb4 Ne4 19. Bxe4 dxe4 20. Nd2 f5 21.
Ne2 Be6 22. Rb2 Bd5 23. b5 Qh4 24. bxc6 bxc6 25. Nc4 Re7 26. Reb1 h6 27. Nb6
Rd8 28. Nxd5 cxd5 29. Rb8 Red7 30. Qc6 Kh7 31. Rxd8 Qxd8 32. Qe6 Rd6 33. Qxf5
Rf6 34. Qg4 Qc7 35. Rc1 Qa5 36. Rf1 Qd2 37. Ng3 Rc6 38. Qd7 Rc1 39. Nf5 Rxf1+
40. Kh2 Ne7 41. Qxe7 Kg6 42. Qe6+ Kg5 43. h4+ Kh5 44. Nxg7+ Kxh4 45. g3+ Kg5
46. Qf5# 1-0

[Event "65. BEM 2011"]
[Site "Dortmund"]
[Date "2011.02.17"]
[Round "6.2"]
[White "Hellwig, Thomas"]
[Black "Kropp, Andreas"]
[Result "0-1"]
[WhiteElo "1886"]
[BlackElo "1951"]
[PlyCount "100"]
[EventDate "2011.??.??"]
[Source "SG Dortmund"]
[SourceDate "2004.12.16"]

1. d4 Nf6 2. c4 g6 3. Nc3 Bg7 4. e4 O-O 5. Nf3 d6 6. Be2 e5 7. O-O Nc6 8. d5
Ne7 9. b4 c6 10. Ne1 cxd5 11. cxd5 Ne8 12. Be3 f5 13. f3 Nf6 14. Rc1 Bd7 15. a4
f4 16. Bf2 g5 17. Nb5 Bxb5 18. Bxb5 h5 19. a5 g4 20. Be2 Bh6 21. Bh4 g3 22. h3
b6 23. Qa4 Nh7 24. Bxe7 Qxe7 25. Nd3 Rfc8 26. b5 Qd7 27. Rfd1 bxa5 28. Rc6 Bg5
29. Qxa5 Bd8 30. Qa6 Bb6+ 31. Kh1 Kh8 32. Qa3 Rd8 33. Rdc1 Rab8 34. Qc3 Qg7 35.
Bf1 Ng5 36. Qc2 Qd7 37. Nb2 Qe7 38. Na4 Bd4 39. Rc7 Qf6 40. Qc6 Rg8 41. Qd7 Qg6
42. Be2 Rbd8 43. Qf5 Qxf5 44. exf5 Nxh3 45. R1c4 Be3 46. Re7 Nf2+ 47. Kg1 Rc8
48. Rcc7 Rxc7 49. Rxc7 h4 50. Kf1 h3 0-1

[Event "65. BEM 2011"]
[Site "Dortmund"]
[Date "2011.02.17"]
[Round "6.3"]
[White "Begna, Bozidar"]
[Black "Jähnicke, Karl-Heinz"]
[Result "1-0"]
[WhiteElo "1932"]
[BlackElo "1694"]
[PlyCount "83"]
[EventDate "2011.??.??"]
[Source "SG Dortmund"]
[SourceDate "2004.12.16"]

1. a3 d5 2. b4 Nf6 3. Bb2 e6 4. Nf3 Bd6 5. e3 Nbd7 6. c4 c6 7. d4 O-O 8. Nbd2
Re8 9. Ne5 Qc7 10. Ndf3 Ne4 11. c5 Be7 12. Nd2 Nxd2 13. Qxd2 Bf6 14. Qc3 Bg5
15. Bd3 f5 16. O-O Nf6 17. Bc2 Ne4 18. Qd3 Rf8 19. f3 Nf6 20. Bc3 b5 21. Be1
Bb7 22. h4 Bh6 23. g4 g5 24. hxg5 Bxg5 25. f4 Bh6 26. g5 Qg7 27. Kf2 Bxg5 28.
fxg5 Ne4+ 29. Ke2 Nxg5 30. Bh4 h6 31. Bxg5 hxg5 32. Rh1 a5 33. Kd2 axb4 34.
axb4 Rxa1 35. Rxa1 Qh6 36. Ra7 Ba8 37. Qe2 f4 38. exf4 Rxf4 39. Rxa8+ Kg7 40.
Ra7+ Kg8 41. Kc3 Qh3+ 42. Qd3 1-0

[Event "65. BEM 2011"]
[Site "Dortmund"]
[Date "2011.02.17"]
[Round "6.4"]
[White "Schiefelbusch, Dirk"]
[Black "Büchle, Manfred"]
[Result "0-1"]
[WhiteElo "2070"]
[BlackElo "1853"]
[PlyCount "56"]
[EventDate "2011.??.??"]
[Source "SG Dortmund"]
[SourceDate "2004.12.16"]

1. b4 e5 2. Bb2 Bxb4 3. Bxe5 Nf6 4. c4 O-O 5. Nf3 Nc6 6. Bb2 d6 7. e3 Bf5 8.
Be2 Re8 9. O-O Ba5 10. Nc3 Ne5 11. d3 c6 12. Rb1 Rb8 13. a4 h6 14. Nd4 Bg6 15.
Kh1 Qe7 16. e4 Bb6 17. Nc2 Nxc4 18. dxc4 Nxe4 19. Bf3 Nxf2+ 20. Rxf2 Bxf2 21.
h3 Bg3 22. Ra1 Bxc2 23. Qf1 Qe1 24. Be2 Qxf1+ 25. Rxf1 Re3 26. Rc1 Bd3 27. Bxd3
Rxd3 28. Kg1 Re8 0-1

[Event "65. BEM 2011"]
[Site "Dortmund"]
[Date "2011.02.17"]
[Round "6.5"]
[White "Schultz, Bernfried"]
[Black "Zelt, Jens"]
[Result "0-1"]
[WhiteElo "1692"]
[BlackElo "2013"]
[PlyCount "76"]
[EventDate "2011.??.??"]
[Source "SG Dortmund"]
[SourceDate "2004.12.16"]

1. e4 d6 2. d4 Nd7 3. f4 c5 4. Nf3 cxd4 5. Nxd4 g6 6. Bd3 Bg7 7. Nf3 Qb6 8. Nc3
Ngf6 9. a4 a5 10. Qe2 O-O 11. Nb5 Nc5 12. h3 Bd7 13. Nd2 Bc6 14. Nc4 Qd8 15.
Nc3 d5 16. Ne5 Be8 17. O-O dxe4 18. Nxe4 Ncxe4 19. Bxe4 Qd4+ 20. Kh2 Qxe4 21.
Qf2 e6 22. b3 Bc6 23. Ba3 Rfd8 24. Rae1 Qd5 25. Rd1 Qxd1 26. Rxd1 Rxd1 27. Nxc6
bxc6 28. Qf3 Rdd8 29. Qxc6 Nd5 30. Qc4 Rac8 31. Qe4 Bc3 32. Bc1 Rb8 33. g4 Rb4
34. Qf3 Rc8 35. h4 Rd4 36. f5 exf5 37. gxf5 Rxh4+ 38. Kg3 Be1+ 0-1

[Event "65. BEM 2011"]
[Site "Dortmund"]
[Date "2011.02.17"]
[Round "6.6"]
[White "Grube, Jörg"]
[Black "Schütte, Tobias"]
[Result "1-0"]
[WhiteElo "1853"]
[BlackElo "1897"]
[PlyCount "51"]
[EventDate "2011.??.??"]
[Source "SG Dortmund"]
[SourceDate "2004.12.16"]

1. e4 e6 2. d4 d5 3. Nc3 Nf6 4. e5 Nfd7 5. Nce2 c5 6. c3 Nc6 7. f4 Nb6 8. b3 a5
9. Nf3 a4 10. Be3 cxd4 11. Nexd4 Bd7 12. Bd3 Be7 13. O-O f5 14. Kh1 Rc8 15. Rg1
h5 16. Nb5 d4 17. Nfxd4 Nd5 18. Re1 Nxd4 19. cxd4 axb3 20. Qxb3 Bxb5 21. Qxb5+
Kf7 22. Bd2 g5 23. fxg5 Bxg5 24. Bxg5 Qxg5 25. Bc4 Nf4 26. Qxb7+ 1-0

[Event "65. BEM 2011"]
[Site "Dortmund"]
[Date "2011.02.17"]
[Round "6.7"]
[White "Raskin, Vitali"]
[Black "Simon, Thomas"]
[Result "0-1"]
[WhiteElo "1749"]
[BlackElo "1870"]
[PlyCount "52"]
[EventDate "2011.??.??"]
[Source "SG Dortmund"]
[SourceDate "2004.12.16"]

1. d4 Nf6 2. c4 e5 3. dxe5 Ng4 4. Nf3 Bc5 5. e3 Nc6 6. a3 a5 7. Nc3 O-O 8. Ne4
Ba7 9. Be2 Ngxe5 10. Nxe5 Nxe5 11. Qd5 d6 12. b3 Bd7 13. Qd1 Bc6 14. Qc2 Qh4
15. Bf3 f5 16. Ng3 Nxf3+ 17. gxf3 Bxf3 18. Rf1 f4 19. Nf5 Qf6 20. Bb2 Qxf5 21.
Qc3 Qf6 22. Qc2 Qg6 23. Qxg6 hxg6 24. Kd2 Bg2 25. Rg1 fxe3+ 26. fxe3 Rf2+ 0-1

[Event "65. BEM 2011"]
[Site "Dortmund"]
[Date "2011.02.17"]
[Round "6.8"]
[White "Dite, Alexander"]
[Black "Dreier, Daniel"]
[Result "0-1"]
[WhiteElo "1593"]
[BlackElo "1841"]
[PlyCount "76"]
[EventDate "2011.??.??"]
[Source "SG Dortmund"]
[SourceDate "2004.12.16"]

1. d4 Nf6 2. c4 d6 3. Nc3 g6 4. e4 Bg7 5. Be2 Nbd7 6. Nf3 c6 7. O-O Qc7 8. Re1
O-O 9. Bf1 e5 10. d5 Nh5 11. Be3 a5 12. Qd2 Nc5 13. Bh6 f5 14. Bxg7 Kxg7 15.
Rad1 fxe4 16. Ng5 Bg4 17. Be2 Bxe2 18. Rxe2 Nf4 19. Re3 Qe7 20. Ngxe4 Nxe4 21.
Nxe4 cxd5 22. cxd5 Rfc8 23. g3 Nh3+ 24. Kg2 Ng5 25. Nxg5 Qxg5 26. Rc1 Qd8 27.
Rec3 a4 28. Qc2 Rxc3 29. Qxc3 Qd7 30. Qb4 Rf8 31. Qb6 Rf7 32. Rc4 Qf5 33. Qe3
Qb1 34. Qa3 Qd1 35. Qxd6 Qf3+ 36. Kh3 Qf5+ 37. Kg2 Qxf2+ 38. Kh3 Qf1+ 0-1

[Event "65. BEM 2011"]
[Site "Dortmund"]
[Date "2011.02.17"]
[Round "6.9"]
[White "Sonntag, Joachim"]
[Black "Stukemeier, Ralf"]
[Result "0-1"]
[WhiteElo "1826"]
[BlackElo "1779"]
[PlyCount "76"]
[EventDate "2011.??.??"]
[Source "SG Dortmund"]
[SourceDate "2004.12.16"]

1. e4 e5 2. Nf3 Nc6 3. Bb5 a6 4. Ba4 Nf6 5. Nc3 b5 6. Bb3 Be7 7. d3 O-O 8. O-O
d6 9. Re1 Bb7 10. a4 Na5 11. Bd5 c6 12. Ba2 b4 13. Ne2 c5 14. c3 Qc7 15. Bd2 d5
16. cxb4 cxb4 17. Rc1 Qb8 18. Ng3 dxe4 19. dxe4 g6 20. Ng5 Nd7 21. Qf3 b3 22.
Bxb3 Nxb3 23. Qxb3 Nc5 24. Qc4 a5 25. Rc3 Ba6 26. Qa2 Nd3 27. Rb3 Qd8 28. Rxd3
Qxd3 29. b3 Rac8 30. Be3 Bb4 31. Ra1 Rc2 32. Qb1 Bc3 33. Nf3 f5 34. exf5 gxf5
35. Bh6 Rf6 36. Bg5 Rg6 37. h4 f4 38. Nh5 Qe2 0-1

[Event "65. BEM 2011"]
[Site "Dortmund"]
[Date "2011.02.17"]
[Round "6.10"]
[White "Duschek, Günter"]
[Black "Hoppe, Dirk"]
[Result "1/2-1/2"]
[WhiteElo "1609"]
[BlackElo "1815"]
[PlyCount "131"]
[EventDate "2011.??.??"]
[Source "SG Dortmund"]
[SourceDate "2004.12.16"]

1. d4 d5 2. Bf4 Nf6 3. Nf3 e6 4. e3 Bd6 5. Bg3 O-O 6. Nbd2 c5 7. c3 Nc6 8. Bh4
Be7 9. Bg3 Bd7 10. Ne5 Rc8 11. Be2 a6 12. a4 h6 13. O-O Nxe5 14. Bxe5 Bc6 15.
Bxf6 Bxf6 16. dxc5 Qe7 17. Nb3 Rfd8 18. Bf3 Qe8 19. Nd4 Qf8 20. b4 {(=)} 20...
e5 21. Nxc6 bxc6 22. Be2 Ra8 23. a5 d4 24. exd4 exd4 25. Qb3 dxc3 26. Bf3 Rab8
27. Qa3 Rd4 28. Rab1 c2 29. Rb3 Bg5 30. g3 Rc4 31. Rc3 Rxc3 32. Qxc3 c1=Q 33.
Rxc1 Bxc1 34. Qxc1 Qe8 35. Qd2 Qe6 36. Kg2 g5 37. h3 f5 38. g4 fxg4 39. hxg4
Rf8 40. Qd3 Qf6 41. Qb3+ Kg7 42. Qe3 Rf7 43. Be2 Re7 44. Qd3 Qf4 45. Qc3+ Qe5
46. Qxe5+ Rxe5 47. Bxa6 Re4 48. Bb7 Rxg4+ 49. Kf3 Rxb4 50. Bxc6 Rb3+ 51. Ke4
Ra3 52. Bb7 Rxa5 53. c6 Rc5 54. Kd4 Rc2 55. f3 h5 56. Kd5 g4 57. fxg4 hxg4 58.
Ba6 g3 59. Bf1 g2 60. Bxg2 Rxg2 61. c7 Rc2 62. Kd6 Kf7 63. Kd7 Rd2+ 64. Kc6
Rc2+ 65. Kd7 Rxc7+ 66. Kxc7 1/2-1/2

[Event "65. BEM 2011"]
[Site "Dortmund"]
[Date "2011.02.17"]
[Round "6.11"]
[White "Benke, Werner"]
[Black "Horenburg, Oliver"]
[Result "1-0"]
[WhiteElo "1543"]
[BlackElo "1785"]
[PlyCount "133"]
[EventDate "2011.??.??"]
[Source "SG Dortmund"]
[SourceDate "2004.12.16"]

1. d4 Nf6 2. Nf3 b6 3. g3 Bb7 4. Bg2 e6 5. O-O c5 6. e3 Be7 7. b3 O-O 8. Bb2 d6
9. c4 Nbd7 10. Qe2 Qc7 11. Nbd2 Rac8 12. Rac1 Rfd8 13. Rfd1 Nf8 14. Nf1 Ng6 15.
dxc5 bxc5 16. N1d2 Bc6 17. Ne1 a5 18. a4 Rb8 19. Bxc6 Qxc6 20. Bc3 Qc7 21. Nc2
Nd7 22. Na3 Nde5 23. Nb5 Qb6 24. Nf3 Bf6 25. Nxe5 Nxe5 26. Kf1 Qb7 27. f3 Qxf3+
28. Qxf3 Nxf3 29. Bxa5 Rd7 30. Kg2 Ne5 31. Rc2 Be7 32. Rcd2 h5 33. h3 Kh7 34.
Bc3 Ng6 35. Kf3 Kh6 36. Ke2 f6 37. Kf3 Nh8 38. Ke2 Nf7 39. h4 f5 40. Kf3 g5 41.
Rh1 Rg8 42. a5 g4+ 43. Ke2 Ra8 44. Ra1 Kg6 45. a6 e5 46. a7 f4 47. exf4 exf4
48. Kf2 fxg3+ 49. Kxg3 Bf6 50. Bxf6 Kxf6 51. Ra6 Ke7 52. Rd5 Nh6 53. Rxh5 Nf7
54. Rd5 Ke6 55. Kxg4 Ne5+ 56. Kh3 Nf7 57. Rh5 Ke7 58. Rf5 Nh6 59. Rf1 Nf7 60.
h5 Ke6 61. Rf2 Ke7 62. Kh4 Ke6 63. Re2+ Ne5 64. Kh3 Ke7 65. Nxd6 Rxd6 66. Rxe5+
Kd7 67. Rd5 1-0

[Event "65. BEM 2011"]
[Site "Dortmund"]
[Date "2011.02.17"]
[Round "6.12"]
[White "Zachos, Ingo"]
[Black "Ziemek, Gerhard"]
[Result "1-0"]
[WhiteElo "1999"]
[BlackElo "1638"]
[PlyCount "105"]
[EventDate "2011.??.??"]
[Source "SG Dortmund"]
[SourceDate "2004.12.16"]

1. e4 c5 2. Nc3 Nc6 3. g3 g6 4. Bg2 Bg7 5. d3 Nf6 6. f4 d6 7. Nf3 a6 8. O-O O-O
9. h3 e6 10. Be3 Bd7 11. Kh2 b5 12. e5 dxe5 13. Nxe5 Rc8 14. Bxc5 Ne7 15. Nxd7
Qxd7 16. Bf2 Nh5 17. Bf3 Nf6 18. a3 Nfd5 19. Nxd5 Nxd5 20. c3 e5 21. fxe5 Bxe5
22. Qb3 Ne7 23. d4 Bb8 24. Bg4 Nf5 25. Be1 Rce8 26. Bxf5 Re2+ 27. Kg1 gxf5 28.
Qd1 Rfe8 29. Qd3 Qd5 30. Bf2 f4 31. Rae1 f3 32. Rxe2 Rxe2 33. Re1 Qe6 34. Rxe2
fxe2 35. Qd2 f6 36. Be1 Qe4 37. Kf2 Qf5+ 38. Kxe2 Qxh3 39. Qe3 Qg4+ 40. Qf3
Qe6+ 41. Kf1 Qh3+ 42. Kg1 Qe6 43. Bf2 Bd6 44. Qa8+ Bf8 45. d5 Qe4 46. Qxa6 Qxd5
47. Qxf6 Qd1+ 48. Kg2 Qd5+ 49. Qf3 Qb3 50. Qg4+ Bg7 51. Bd4 Qd5+ 52. Kh2 Qf7
53. Qxg7+ 1-0

[Event "65. BEM 2011"]
[Site "Dortmund"]
[Date "2011.02.17"]
[Round "6.13"]
[White "Schulz-Runge, Michael"]
[Black "Vogt, Christian"]
[Result "1-0"]
[WhiteElo "1766"]
[BlackElo "1376"]
[PlyCount "35"]
[EventDate "2011.??.??"]
[Source "SG Dortmund"]
[SourceDate "2004.12.16"]

1. e4 e5 2. Nf3 Nf6 3. Bc4 Nc6 4. Ng5 d5 5. exd5 Na5 6. Bb5+ c6 7. dxc6 bxc6 8.
Qf3 Bb7 9. Ba4 Be7 10. b4 Bxb4 11. Ba3 Qe7 12. Bxb4 Qxb4 13. Nc3 O-O 14. Rb1
Qe7 15. O-O c5 16. Qf5 Bc8 17. Nd5 g6 18. Nxe7+ 1-0

[Event "65. BEM 2011"]
[Site "Dortmund"]
[Date "2011.02.17"]
[Round "6.14"]
[White "Vojdani, Bahram"]
[Black "Schlepütz, Volker"]
[Result "1-0"]
[WhiteElo "1596"]
[BlackElo "1326"]
[PlyCount "79"]
[EventDate "2011.??.??"]
[Source "SG Dortmund"]
[SourceDate "2004.12.16"]

1. g3 e5 2. Bg2 Nc6 3. d3 Nf6 4. Nf3 Bc5 5. O-O d6 6. c3 O-O 7. Nbd2 h6 8. b4
Bb6 9. Bb2 Be6 10. Qc2 Qd7 11. b5 Nd8 12. a4 Bh3 13. e3 Bxg2 14. Kxg2 c6 15. c4
cxb5 16. axb5 Rc8 17. Qb3 Ne6 18. d4 e4 19. Ng1 Ng5 20. Ba3 h5 21. h4 Ngh7 22.
Nh3 Rfe8 23. Bb4 d5 24. c5 Bd8 25. Rxa7 Qxb5 26. Ba5 Qxb3 27. Nxb3 Bxa5 28.
Nxa5 b5 29. cxb6 Ra8 30. Rxa8 Rxa8 31. b7 Rb8 32. Rc1 Nd7 33. Rc7 Nhf6 34. Nc6
Kh7 35. Nxb8 Nxb8 36. Rc8 Nfd7 37. Nf4 f6 38. Nxd5 Kg6 39. Ne7+ Kf7 40. Nc6 1-0

[Event "65. BEM 2011"]
[Site "Dortmund"]
[Date "2011.02.17"]
[Round "6.15"]
[White "Gegner, Michael"]
[Black "Gerke, Dieter"]
[Result "1/2-1/2"]
[WhiteElo "1567"]
[BlackElo "1442"]
[PlyCount "38"]
[EventDate "2011.??.??"]
[Source "SG Dortmund"]
[SourceDate "2004.12.16"]

1. d4 Nf6 2. Nc3 d5 3. e4 Nxe4 4. Nxe4 dxe4 5. Bc4 Bf5 6. c3 h5 7. Qb3 Bg6 8.
Qxb7 Nd7 9. f3 e6 10. Bb5 Qc8 11. Bxd7+ Kxd7 12. Qb5+ c6 13. Qe2 a5 14. fxe4
Qa6 15. Qe3 Be7 16. Nf3 f6 17. Kf2 h4 18. Re1 Rh5 19. b3 Rc8 1/2-1/2

[Event "65. BEM 2011"]
[Site "Dortmund"]
[Date "2011.02.17"]
[Round "6.16"]
[White "Reineke, Tobias"]
[Black "Völler, Lothar"]
[Result "0-1"]
[WhiteElo "1430"]
[BlackElo "1492"]
[PlyCount "56"]
[EventDate "2011.??.??"]
[Source "SG Dortmund"]
[SourceDate "2004.12.16"]

1. e4 e5 2. Nf3 Nc6 3. c3 d5 4. Bb5 dxe4 5. Nxe5 Qd5 6. Bxc6+ bxc6 7. Qa4 Bb7
8. Nc4 Qb5 9. Qxb5 cxb5 10. Ne3 Nf6 11. O-O Bd6 12. b3 O-O 13. Bb2 c5 14. c4
bxc4 15. Nxc4 Bc7 16. Nc3 Ng4 17. h3 Ne5 18. Nxe5 Bxe5 19. Rfe1 f5 20. d3 Bd4
21. dxe4 fxe4 22. Re2 Rae8 23. Rae1 Ba6 24. Rc2 Bd3 25. Rd2 e3 26. fxe3 Rxe3
27. Rxe3 Bxe3+ 28. Kh1 Bxd2 0-1

[Event "65. BEM 2011"]
[Site "Dortmund"]
[Date "2011.02.17"]
[Round "6.17"]
[White "Tekin, Baran"]
[Black "Gennat, Egon L"]
[Result "1-0"]
[WhiteElo "1481"]
[BlackElo "1318"]
[PlyCount "65"]
[EventDate "2011.??.??"]
[Source "SG Dortmund"]
[SourceDate "2004.12.16"]

1. d4 Nf6 2. Nf3 g6 3. c4 Bg7 4. Nc3 O-O 5. e4 d6 6. Be2 Na6 7. O-O c5 8. d5 e6
9. Ne1 exd5 10. cxd5 Ne8 11. Bf4 g5 12. Be3 f5 13. exf5 Bxf5 14. Qd2 h6 15. h4
g4 16. Bxh6 Qxh4 17. Bg5 Qh5 18. Bd3 Be5 19. g3 Bxd3 20. Nxd3 Kg7 21. Nxe5 dxe5
22. Qe3 Rf5 23. Bh4 Nd6 24. Ne4 Nxe4 25. Qxe4 Nc7 26. d6 Rf7 27. dxc7 Rxc7 28.
Rac1 Rac8 29. Rfe1 Re8 30. Qe3 b6 31. Qg5+ Qg6 32. Rxe5 Qxg5 33. Rxg5+ 1-0

[Event "65. BEM 2011"]
[Site "Dortmund"]
[Date "2011.02.17"]
[Round "6.18"]
[White "Krüger, Inge"]
[Black "Raabe, Hans-Ulrich"]
[Result "0-1"]
[WhiteElo "1246"]
[BlackElo "1468"]
[PlyCount "76"]
[EventDate "2011.??.??"]
[Source "SG Dortmund"]
[SourceDate "2004.12.16"]

1. d4 Nf6 2. c4 g6 3. Nc3 d5 4. Nf3 Bg7 5. e3 O-O 6. cxd5 Nxd5 7. Be2 c5 8.
Nxd5 Qxd5 9. O-O Nc6 10. Qa4 cxd4 11. Rd1 Qa5 12. Qxa5 Nxa5 13. Nxd4 Nc6 14.
Rb1 Nxd4 15. exd4 Bf5 16. Bd3 Bxd3 17. Rxd3 Rfd8 18. Be3 Rd5 19. Rbd1 Rad8 20.
b3 e5 21. Kf1 exd4 22. Ke2 f5 23. Kf3 Kf7 24. Bc1 Bf6 25. Bb2 R8d7 26. Ba3 Be5
27. g3 g5 28. h3 h5 29. g4 Kg6 30. Bc1 fxg4+ 31. hxg4 Rf7+ 32. Kg2 hxg4 33. Bb2
Rfd7 34. Re1 Rh7 35. Re4 Kf5 36. Re2 Rh2+ 37. Kg1 Rh3 38. Rdd2 d3 0-1

[Event "65. BEM 2011"]
[Site "Dortmund"]
[Date "2011.02.17"]
[Round "6.19"]
[White "Da Costa-Hoppe, Andreas"]
[Black "Grawe, Herbert"]
[Result "0-1"]
[WhiteElo "1040"]
[BlackElo "1457"]
[PlyCount "82"]
[EventDate "2011.??.??"]
[Source "SG Dortmund"]
[SourceDate "2004.12.16"]

1. e4 Nc6 2. Nf3 e5 3. Bc4 h6 4. c3 Nf6 5. d3 Bc5 6. O-O O-O 7. b4 Bb6 8. Qb3
d6 9. Bb2 Ne7 10. d4 exd4 11. cxd4 Nxe4 12. Re1 Nf6 13. h3 Ng6 14. Nc3 c6 15.
d5 Nh5 16. Ne2 c5 17. bxc5 Bxc5 18. Bd4 b6 19. Rad1 a5 20. a4 Ra7 21. Nc3 Bb4
22. Re2 Ngf4 23. Re3 f5 24. Rde1 g5 25. Bb5 Bd7 26. Bxd7 Rxd7 27. Ne5 dxe5 28.
d6+ Rdf7 29. Bxe5 Bc5 30. Bd4 Bxd4 31. Re7 Bxf2+ 32. Kxf2 Nd3+ 33. Ke2 Nhf4+
34. Kf1 Nxe1 35. Nb5 Ned3 36. g3 Nc5 37. Qc4 Ng6 38. Rc7 Qf6 39. Qd5 Qa1+ 40.
Ke2 Re8+ 41. Kf2 Qe1+ 0-1